| 000 | 00972cam a2200229 i 4500 | ||
|---|---|---|---|
| 003 | SA-RiAUC | ||
| 005 | 20251105115737.0 | ||
| 008 | 251104q19901999su g 000r0 ara c | ||
| 040 |
_aSA-JeALM _bara _cSA-RiAUC _erda |
||
| 050 | 4 | _b.I26 1990z | |
| 082 | 0 | 4 |
_a240 _qSA-RiAUC |
| 090 |
_a240 _bا ب ن ب |
||
| 100 | 1 |
_aابن باز، عبد العزيز بن عبد الله بن عبد الرحمن، _d1332-1420 هجري _eمؤلف. |
|
| 245 | 1 | 2 |
_aالعقيدة الصحيحة وما يضادها ونواقض الإسلام / _cعبد العزيز بن عبد الله بن باز. |
| 264 | 1 |
_aالرياض : _bوزارة الشؤون الاسلامية والاوقاف والدعوة والارشاد، _c2001 |
|
| 300 |
_a40 صفحة ؛ _c18 سم |
||
| 336 |
_aنص _btxt _2rdacontent _3كتاب |
||
| 337 |
_aبدون وسيط _bn _2rdamedia |
||
| 650 | 7 |
_aعلم الكلام _2aucsh |
|
| 942 |
_2ddc _cBOOK _n0 |
||
| 949 |
_aSA-JeALM _d251104 _uosman123 _n1 |
||
| 999 |
_c13006 _d13006 |
||